01023 a2200181 45000010006000000050017000060080041000230030015000640400040000790800031001192450120001500200022002702640048002923000019003405050353003591000030007128560099007424750120260407155742.0260407a2007 arg spa dAR-UNSa-BCEJYS aAR-UNSa-BCEJYSbspacAR-UNSa-BCEJYS a330xEconomía en general10aMedio siglo de EconomíapConmemorativo del 50º aniversario de la Asociación Argentina de Economía Política a978-950-9445-48-2 1aBuenos Aires :bTemas Grupo Editorialc2007 a615 p.c23 cm. a1. Introducción - 2. La Asociación Argentina de Economía Política - 3. Medio siglo en la evolución de la metodología y de la historia del pensamiento económico - 4. Medio siglo de historia económica argentina - 5. Medio siglo de evolución de la teoría económica - 6. Medio siglo de la evolución del análisis cuantitativo. 1 aNavarro, Alfredo Martín41uhttps://www.biblioeco.unsa.edu.ar/pmb/images/libros/L127537.jpgyImagen de portadaqimage/jpeg